<?xml version="1.0" encoding="UTF-8"?>
<record
    xmlns:xsi="http://www.w3.org/2001/XMLSchema-instance"
    xsi:schemaLocation="http://www.loc.gov/MARC21/slim http://www.loc.gov/standards/marcxml/schema/MARC21slim.xsd"
    xmlns="http://www.loc.gov/MARC21/slim">

  <leader>02113nam a22001697a 4500</leader>
  <controlfield tag="008">150213b        xxu||||| |||| 00| 0 eng d</controlfield>
  <datafield tag="020" ind1=" " ind2=" ">
    <subfield code="a">9780415466110</subfield>
  </datafield>
  <datafield tag="050" ind1=" " ind2=" ">
    <subfield code="a">PE2751.J46</subfield>
  </datafield>
  <datafield tag="100" ind1=" " ind2=" ">
    <subfield code="a">Jenkins, Jennifer.</subfield>
  </datafield>
  <datafield tag="245" ind1=" " ind2=" ">
    <subfield code="a">World English:a resource book for students. /</subfield>
    <subfield code="c">Jennifer Jenkins.</subfield>
  </datafield>
  <datafield tag="250" ind1=" " ind2=" ">
    <subfield code="a">2nd ed.</subfield>
  </datafield>
  <datafield tag="260" ind1=" " ind2=" ">
    <subfield code="a">New York:</subfield>
    <subfield code="b">Routledge,</subfield>
    <subfield code="c">2009.</subfield>
  </datafield>
  <datafield tag="300" ind1=" " ind2=" ">
    <subfield code="a">viii,256p.:</subfield>
    <subfield code="b">ill.;</subfield>
    <subfield code="c">25cm.</subfield>
  </datafield>
  <datafield tag="500" ind1=" " ind2=" ">
    <subfield code="a">Includes index and references.</subfield>
  </datafield>
  <datafield tag="505" ind1=" " ind2=" ">
    <subfield code="a">Contents:Introduction:key topics in world Englishes:the historical, social and political context -- The origins of pidgin and creole languages -- Who speaks English today -- Variation across outer circle Englishes -- Standard language ideology in the inner circle -- The spread of English as an international lingua franca -- The roles of English in Asia and Europe -- The future of world Englishes -- Development:Implications and issues:The legacy of colonialism -- Characteristics of pidgins and creoles -- The English today debate -- The legitimate and illegitimate offspring of English -- Standards across space -- Native and non-native speakers of English -- En route to new standard Englishes -- Possible future scenarios -- Exploration:Current dabates in world Englishes:postcolonial America and Africa -- Creole developments in the UK and US -- Teaching and testing world Englishes -- Emerging sub varieties -- Standards across channels -- The nature of English as a lingua franca -- Asian Englishes in the outer and expanding circles -- Language killer or language promoter -- Extension:readings in world Englishes:the discourses of postcolonialism(Alastair Pennycook) -- The status of pidgins and creoles in education (Charles Alobwede d'Epie) -- Who owns English today(Henry G. Widdowson) -- From language to literature(Chinua Achebe and Ngugu wa Thiongo) -- Is laguage still power( Lesley Milroy, Alfred Lee and Dennis Bloodworth) -- Positioning English as a ligua franca(Barbara Seidlhofer) -- Attitudes to local norms in the expanding circle (Hu Xiao and Ulrich Ammon) -- Looking ahead (David Graddol and David Crystal).</subfield>
  </datafield>
  <datafield tag="942" ind1=" " ind2=" ">
    <subfield code="2">lcc</subfield>
    <subfield code="c">BK</subfield>
  </datafield>
  <datafield tag="999" ind1=" " ind2=" ">
    <subfield code="c">5389</subfield>
    <subfield code="d">12889</subfield>
  </datafield>
  <datafield tag="952" ind1=" " ind2=" ">
    <subfield code="0">0</subfield>
    <subfield code="1">0</subfield>
    <subfield code="2">lcc</subfield>
    <subfield code="4">0</subfield>
    <subfield code="7">0</subfield>
    <subfield code="a">WIUC-1</subfield>
    <subfield code="b">WIUC-1</subfield>
    <subfield code="c">REF</subfield>
    <subfield code="d">2015-02-13</subfield>
    <subfield code="l">0</subfield>
    <subfield code="o">PE2751.J46</subfield>
    <subfield code="p">7849/276/15</subfield>
    <subfield code="r">2015-02-13 00:00:00</subfield>
    <subfield code="t">1</subfield>
    <subfield code="w">2015-02-13</subfield>
    <subfield code="y">BK</subfield>
  </datafield>
</record>
